Poblamiento y colonización de la Región Norte en Costa Rica /
Gespeichert in:
| 1. Verfasser: | |
|---|---|
| Format: | Text |
| Veröffentlicht: |
San José, Lara Segura y Asociados
|
| Tags: |
Tag hinzufügen
Keine Tags, Fügen Sie den ersten Tag hinzu!
|
MARC
| LEADER | 00000 a a2200000 04500 | ||
|---|---|---|---|
| 001 | 46423 | ||
| 003 | |||
| 040 | |||
| 090 | |a 07.01.01 S192t | ||
| 100 | |a Solórzano Vargas, William | ||
| 245 | |a Poblamiento y colonización de la Región Norte en Costa Rica / |c William Solórzano Vargas | ||
| 260 | |b San José, Lara Segura y Asociados | ||
| 773 | |g páginas 11-31 | ||
| 999 | |c 23480 |d 23480 | ||
